TOP14 Clubs ayant disputé le plus grand nombre de saisons dans l'élite - Statistiques

Statistiques générales
  • Ce quiz a été pris 87 fois
  • Le résultat moyen est 22 sur 32
Statistiques - réponses
Saisons dans l'élite Club Titres Première saison Années de titre % Correct
11 Lyon OU 0 2010-2011
100%
28 ASM Clermont 2 1995-1996 2010, 2017
96%
26 Stade français Paris 6 1997-1998 1998, 2000, 2003, 2004, 2007, 2015
93%
28 Stade toulousain 12 1995-1996 1996, 1997, 1999, 2001, 2008, 2011, 2012, 2019, 2021, 2023, 2024, 2025
93%
22 USA Perpignan 1 1995-1996 2009
92%
19 Biarritz olympique 3 1996-1997 2002, 2005, 2006
90%
21 Montpellier HR 1 1995-1996 2022
90%
17 Racing 92 1 1995-1996 2016
90%
21 RC Toulon 1 1995-1996 2014
90%
12 Union Bordeaux Bègles 0 2011-2012
90%
16 Aviron bayonnais 0 1995-1996
89%
28 Castres olympique 2 1995-1996 2013, 2018
89%
19 Section paloise 0 1995-1996
89%
15 Stade rochelais 0 1997-1998
85%
24 CA Brive 0 1995-1996
84%
8 US Montauban 0 1999-2000
75%
20 SU Agen 0 1995-1996
73%
8 CA Bordeaux Bègles 0 1995-1996
71%
15 FC Grenoble 0 1995-1996
70%
5 Stade montois 0 1999-2000
60%
12 RC Narbonne 0 1995-1996
59%
9 US Dax 0 1995-1996
59%
8 AS Béziers 0 1996-1997
58%
4 Oyonnax Rugby 0 2013-2014
52%
3 SC Albi 0 2006-2007
45%
16 CS Bourgoin-Jallieu 0 1995-1996
40%
5 FC Auch 0 1998-1999
37%
3 RRC Nice 0 1995-1996
33%
9 US Colomiers 0 1995-1996
33%
3 Stade aurillacois 0 1998-1999
27%
4 RC Nîmes 0 1995-1996
19%
4 CA Périgueux 0 1996-1997
18%
Aucun quiz correspondant
Distribution des résultats
% des personnes avec chaque résultat
Percentile par nombre de réponses
Votre historique - résultats
Vous n’avez pas pris ce quiz